Sociología de las migraciones
Furkejuvvon:
| Váldodahkki: | |
|---|---|
| Materiálatiipa: | Texto |
| Almmustuhtton: |
San José :
|
| Fáddágilkorat: |
Lasit fáddágilkoriid
Eai fáddágilkorat, Lasit vuosttaš fáddágilkora!
|
MARC
| LEADER | 00000 a a2200000 04500 | ||
|---|---|---|---|
| 001 | 17283 | ||
| 003 | |||
| 040 | |a CRAI/IIS |c CRAI/IIS | ||
| 090 | |a 010900 | ||
| 100 | |a Margulis, Mario | ||
| 245 | |a Sociología de las migraciones | ||
| 260 | |a San José : | ||
| 300 | |a 12 p. | ||
| 999 | |c 10212 |d 10212 | ||
